guess the laufey song no hints #2 - Statistics

General Stats
  • This quiz has been taken 152 times
  • The average score is 80 of 146
Answer Stats
Answer % Correct
I
96%
a
94%
you
87%
be
76%
To
76%
to
76%
the
73%
we
67%
No
64%
no
64%
And
63%
It
63%
it
63%
my
63%
For
62%
for
62%
go
62%
So
62%
so
62%
never
57%
Who
57%
have
56%
I've
55%
of
54%
on
54%
It's
51%
How
50%
how
50%
like
50%
Just
49%
just
49%
myself
49%
will
49%
can't
48%
See
48%
made
46%
promise
46%
With
46%
let
45%
long
45%
Took
45%
should
44%
this
44%
Why
44%
distance
43%
last
43%
say
43%
call
42%
nothing
42%
think
42%
get
40%
hurts
40%
night
40%
something
40%
didn't
39%
flight
39%
matter
39%
worse
39%
always
38%
done
38%
very
38%
We'll
38%
If
37%
skies
37%
about
36%
aurora
36%
boy
36%
goodbye
36%
math
36%
solution
36%
there's
36%
through
36%
broke
35%
days
35%
much
35%
soon
35%
called
33%
Honestly
33%
resist
32%
shouldn't
32%
sixteen
32%
wouldn't
32%
Standing
30%
temptation
30%
weren't
30%
Avenue
29%
looked
29%
lose
29%
out
29%
sight
29%
cigarette
27%
Melrose
26%
restraint
25%
No matching quizzes found
Score Distribution
Percent of People with Each Score
Percentile by Number Answered
Your Score History
You have not taken this quiz